| 000 | 00506nam a2200157 i 4500 | ||
|---|---|---|---|
| 001 | 46745 | ||
| 003 | ES-MaACL | ||
| 005 | 20230906161436.0 | ||
| 007 | t| | ||
| 008 | 030331s1960 sp ||||1| spa d | ||
| 111 | 2 |
_aCongreso Diocesano de Apostolado Seglar ( _d1959. _cZaragoza) _9346 |
|
| 245 | 1 | 0 |
_aMemoria _b: 8-15 noviembre 1959 / _cCongreso Diocesano de Apostolado Seglar. |
| 260 |
_aZaragoza : _bEl Noticiero, _c[1960] |
||
| 300 |
_a335 p., 20 lám. ; _c25 cm. |
||
| 852 |
_aES-MaACL _jC-19897 _bR.47802 |
||
| 999 |
_c46745 _d46745 |
||